000 00380 a2200109 4500
001 ART_7792
005 20260410161638.0
008 260409a
245 1 0 _aDeducciones por préstamos entre compañías vinculadas. Importante jurisprudencia del Tribunal Fiscal
100 1 _aCalcagno, Gabriel A
773 0 _tConsultor tributario
_g- Nº 10 (dic. 2007)
_wREV474
999 _c13040
_d13040